[Event "Santa Barbara op"]
[Site "Santa Barbara"]
[Date "2023.02.11"]
[Round "3"]
[White "Campos Sanchez, Roberto"]
[Black "Solis Gomez, Jose Alberto"]
[Result "1/2-1/2"]
[WhiteElo "1971"]
[BlackElo "1805"]
[PlyCount "51"]
[EventDate "2023.01.28"]
[EventType "swiss"]
[EventRounds "6"]
[EventCountry "CRI"]
[SourceTitle "CBM 213 Extra"]
[Source "ChessBase"]
[SourceDate "2023.05.31"]
[SourceVersion "1"]
[SourceVersionDate "2023.05.31"]
[SourceQuality "1"]

1. e4 d6 2. d4 Nf6 3. Nc3 e5 4. Nf3 exd4 5. Nxd4 Be7 6. Be2 0-0 7. Be3 Nc6 8. f4 d5 9. e5 Ne8 10. Bf3 Nxd4 11. Qxd4 c6 12. 0-0 f6 13. Qd2 Kh8 14. Kh1 Nc7 15. Rae1 fxe5 16. fxe5 Bf5 17. Ne2 Ne6 18. c3 Bg5 19. Nd4 Bxe3 20. Qxe3 Qe7 21. Nxf5 Rxf5 22. Bg4 Rxf1+ 23. Rxf1 b6 24. h3 Re8 25. Kg1 Kg8 26. b4 1/2-1/2

[Event "Santa Barbara op"]
[Site "Santa Barbara"]
[Date "2023.01.28"]
[Round "1"]
[White "Campos Sanchez, Roberto"]
[Black "Guillen Murillo, Sergio Guillermo"]
[Result "1-0"]
[WhiteElo "1971"]
[BlackElo "1721"]
[PlyCount "44"]
[EventDate "2023.01.28"]
[EventType "swiss"]
[EventRounds "6"]
[EventCountry "CRI"]
[SourceTitle "CBM 213 Extra"]
[Source "ChessBase"]
[SourceDate "2023.05.31"]
[SourceVersion "1"]
[SourceVersionDate "2023.05.31"]
[SourceQuality "1"]

1. e4 d6 2. d4 Nf6 3. Nc3 g6 4. Nf3 Bg7 5. Bg5 h6 6. Bf4 0-0 7. Qd2 Kh7 8. 0-0-0 Nh5 9. Be3 c6 10. h3 Nf6 11. g4 Nfd7 12. h4 f6 13. Bd3 e5 14. Rhg1 exd4 15. Nxd4 Ne5 16. h5 g5 17. Qe2 Na6 18. Bxa6 bxa6 19. f4 Nf7 20. Nf5 Bxf5 21. gxf5 Kh8 22. Qxa6 Qb6 1-0

[Event "Pan American-ch Amateur U2300"]
[Site "San Jose"]
[Date "2019.10.24"]
[Round "3.6"]
[White "Ramirez Toledo, Ayleen Maribel"]
[Black "Campos Sanchez, Roberto"]
[Result "0-1"]
[WhiteElo "1805"]
[BlackElo "2035"]
[PlyCount "132"]
[EventDate "2019.10.23"]
[EventType "swiss"]
[EventRounds "9"]
[EventCountry "CRI"]
[SourceTitle "EXT 2021"]
[Source "ChessBase"]
[SourceDate "2020.10.23"]
[SourceVersion "1"]
[SourceVersionDate "2020.10.23"]
[SourceQuality "1"]

1. Nf3 Nf6 2. g3 e6 3. Bg2 d5 4. d4 Bd6 5. 0-0 b6 6. c4 0-0 7. Qc2 Nbd7 8. Rd1 Bb7 9. Nbd2 c5 10. b3 Rc8 11. Bb2 Qe7 12. Rac1 a6 13. Qb1 cxd4 14. Nxd4 Nc5 15. Qa1 Bb8 16. N4f3 Ncd7 17. a3 e5 18. cxd5 e4 19. Nd4 Bxd5 20. Nf5 Qe6 21. Nd4 Qe8 22. Rxc8 Qxc8 23. Rc1 Qb7 24. Nc4 Nc5 25. b4 Na4 26. Ne3 Nxb2 27. Qxb2 Be5 28. Qd2 Bxd4 29. Qxd4 Be6 30. h4 h6 31. Rc3 Rc8 32. Rxc8+ Qxc8 33. Qd2 Qc6 34. Nc2 Qc4 35. Nd4 Bd7 36. Bf1 Qd5 37. Qc3 Ng4 38. Bg2 Qe5 39. Bh3 e3 40. Bxg4 exf2+ 41. Kxf2 Bxg4 42. Qe3 Qd5 43. Nf3 Qb7 44. Qd4 Be6 45. Ke3 Qc7 46. Kf2 b5 47. Qe4 Qd6 48. Qd4 Qc6 49. Ke3 Qc1+ 50. Kf2 Qxa3 51. Nd2 Qa2 52. Ne4 Qb1 53. Nc5 Bc4 54. Qe5 Qb2 55. Qe8+ Kh7 56. Qe4+ g6 57. Nd7 Bxe2 58. Nf8+ Kg7 59. Qxe2 Qxe2+ 60. Kxe2 Kxf8 61. Ke3 Ke7 62. Ke4 Ke6 63. g4 f5+ 64. Kf4 fxg4 65. Kxg4 Ke5 66. Kf3 Kd4 0-1